| 000 | 00362nam a2200133Ia 4500 | ||
|---|---|---|---|
| 008 | 191201s2019 xx 000 0 und d | ||
| 100 | _aGUPTA, G.D | ||
| 245 | 0 | _aPractical Manual of Human Anatomy and Physiology | |
| 260 |
_bNirali Pub _aNew Delhi _c2019 |
||
| 300 | _a90 | ||
| 650 | _aHuman Anatomy & Physiology | ||
| 700 | _aSHARMA, Shailesh | ||
| 942 |
_2ddc _cBK |
||
| 999 |
_c8306 _d8306 |
||